The Law Reports Chancery Division 1908 Vol 1 / (Record no. 1415)

MARC details
000 -LEADER
fixed length control field 00309nam a22001217a 4500
008 - FIXED-LENGTH DATA ELEMENTS--GENERAL INFORMATION
fixed length control field 110507t xxu||||| |||| 00| 0 eng d
020 ## - INTERNATIONAL STANDARD BOOK NUMBER
International Standard Book Number 0406094535
082 ## - DEWEY DECIMAL CLASSIFICATION NUMBER
Classification number 348.041
245 ## - TITLE STATEMENT
Title The Law Reports Chancery Division 1908 Vol 1 /
260 ## - PUBLICATION, DISTRIBUTION, ETC. (IMPRINT)
Place of publication, distribution, etc London:
Name of publisher, distributor, etc Butterworths,
Date of publication, distribution, etc 1974.
300 ## - PHYSICAL DESCRIPTION
Extent v;
942 ## - ADDED ENTRY ELEMENTS (KOHA)
Source of classification or shelving scheme Dewey Decimal Classification
Item type Books

No items available.